000 00629nam a2200181Ia 4500
008 100920s9999 xx 000 0 und d
082 _b60950
_a61 थ 82
100 _aनाईक ज्ञानदा.
245 _aनवी इसापनीती.
260 _bसाहित्य प्रसार केंद्र, मुंबई.
_c1982
300 _a126
_bसाधी
365 _b15
520 _aस्थानिक वाचन.
630 _aनवी इसापनीती.
650 _aस्थानिक वाचन.
730 _aनवी इसापनीती.
942 _cBOOK
999 _c704189
_d704186